The effect of organizational justice, silence and negative affectivity on organizational commitment with the mediating effect of burnout

Bibliographic Details
Main Author: Karasneh, Mones Zahi Abd Aljalel (Author)
Corporate Author: Universiti Sultan Zainal Abidin . Faculty of Business and Management
Format: Thesis Book
Language:English
Subjects:
Online Access:https://eperpustakaan.unisza.edu.my/equip-udm/English/home.jsp

MARC

LEADER 00000cam a2200000 7i4500
001 0000102449
005 20240929093000.0
008 240613s2023 my eng
040 |a UniSZA   |e rda 
050 0 0 |a HD6971.3   |b .K37 2023 
090 0 0 |a HD6971.3   |b .K37 2023 
100 1 |a Karasneh, Mones Zahi Abd Aljalel ,   |e author 
245 1 4 |a The effect of organizational justice, silence and negative affectivity on organizational commitment with the mediating effect of burnout   |c Mones Zahi Abd Aljalel Karasneh 
264 0 |c ©2023 
300 |a computer discs ;   |c 12 cm. 
336 |a text   |2 rdacontent 
337 |a computer   |2 rdamedia 
338 |a computer disc   |2 rdacarrier 
347 |a text file   |b PDF   |2 rda 
502 |a Thesis (Degree of Doctor of Philosophy) - Universiti Sultan Zainal Abidin, 2023 
504 |a Includes bibliographical references (leaves 197-226) 
505 0 |a 1. Introduction -- 2. Literature review -- 3. Methodology -- 4. Data analysis and findings -- 5. Summary, recommendations and conclusion 
610 2 0 |a Universiti Sultan Zainal Abidin   |x Faculty of Business and Management   |v Dissertations 
610 2 0 |a Universiti Sultan Zainal Abidin   |x Dissertations 
650 0 |a Dissertations, Academic 
650 0 |a Mediation 
650 0 |a Organizational justice 
710 2 |a Universiti Sultan Zainal Abidin .   |b Faculty of Business and Management 
856 3 0 |u https://eperpustakaan.unisza.edu.my/equip-udm/English/home.jsp 
999 |a 1000186406   |b CD-ROM   |c Reference   |e Gong Badak Campus